[Event "Zagreb Open A"]
[Site "Zagreb CRO"]
[Date "2012.03.08"]
[Round "4.12"]
[White "Tratar,M"]
[Black "Ivekovic,Bo2"]
[Result "1-0"]
[WhiteElo "2499"]
[BlackElo "2211"]

1.d4 Nf6 2.c4 g6 3.Nc3 Bg7 4.e4 d6 5.Nf3 O-O 6.Be2 e5 7.O-O Nc6 8.d5 Ne7
9.Ne1 Nd7 10.f3 f5 11.g4 Kh8 12.Ng2 Ng8 13.h4 Bf6 14.exf5 gxf5 15.g5 Bg7
16.f4 exf4 17.Nxf4 Ne5 18.Nh5 Ne7 19.Nxg7 Kxg7 20.Qd4 Ng6 21.Bh5 c5 22.dxc6 bxc6
23.Bxg6 hxg6 24.Bf4 Kh7 25.Bxe5 dxe5 26.Qxe5 Re8 27.Qf4 Qe7 28.Rfe1 Qxe1+
29.Rxe1 Rxe1+ 30.Kf2 Re7 31.Qd6 Rg7 32.Na4 Ba6 33.Nc5 Bxc4 34.b3 Bd5 35.Nd7 Rxd7
36.Qxd7+ Kg8 37.Ke3 Rf8 38.Kf4 Rf7 39.Qd6 Kg7 40.h5 gxh5 41.Qh6+ Kg8 42.g6 Rb7
43.Qxh5 Be4 44.Qh4 Bb1 45.Qd8+ Kg7 46.Kg5 Bxa2 47.Qf6+ Kg8 48.Kh6 Bxb3 49.Qd8+  1-0

[Event "Reykjavik Open"]
[Site "Reykjavik ISL"]
[Date "2012.03.09"]
[Round "4.44"]
[White "Arjun,B"]
[Black "Thjomoe,H"]
[Result "1-0"]
[WhiteElo "2210"]
[BlackElo "1926"]

1.Nf3 Nf6 2.c4 g6 3.Nc3 Bg7 4.e4 d6 5.d4 O-O 6.Be2 e5 7.O-O Nc6 8.d5 Ne7
9.Ne1 Ne8 10.Nd3 f5 11.f3 Nf6 12.Bd2 f4 13.c5 g5 14.Rc1 h5 15.Kh1 g4 16.cxd6 cxd6
17.Nb5 Ng6 18.Bb4 Nxe4 19.fxe4 g3 20.Ne1 Bh3 21.Nf3 Nh4 22.Ne1 Qg5 23.Bf3 Rf6
24.gxh3 gxh2 25.Qe2 Rg6 26.Qxh2 Qg3 27.Qxg3 fxg3 28.Ng2 Nxf3 29.Rxf3  1-0

[Event "83rd ch-GER 2012"]
[Site "Osterburg GER"]
[Date "2012.03.10"]
[Round "9"]
[White "Buhmann,R"]
[Black "Bastian,H"]
[Result "1-0"]
[WhiteElo "2614"]
[BlackElo "2343"]

1.Nf3 Nf6 2.c4 g6 3.Nc3 Bg7 4.e4 d6 5.d4 O-O 6.Be2 e5 7.O-O Nc6 8.d5 Ne7
9.b4 a5 10.bxa5 Rxa5 11.Nd2 Ne8 12.a4 f5 13.Ba3 Ra8 14.c5 fxe4 15.Ndxe4 Nf5
16.Nb5 Rf7 17.Bb4 Qh4 18.Qd3 dxc5 19.Bxc5 b6 20.Bb4 Bb7 21.Bf3 Qd8 22.Rfd1 Nd4
23.Nxd4 exd4 24.a5 bxa5 25.Bc5 Ba6 26.Qd2 d3 27.Rxa5 Be5 28.Qg5 Qxg5 29.Nxg5 Rf5
30.Ne6 Nd6 31.Nxc7  1-0

[Event "TCh-SVK Extraliga 2011-12"]
[Site "Slovakia SVK"]
[Date "2012.03.10"]
[Round "10.2"]
[White "Ftacnik,L"]
[Black "Vovk,Y"]
[Result "1/2-1/2"]
[WhiteElo "2570"]
[BlackElo "2577"]

1.d4 Nf6 2.Nf3 g6 3.c4 Bg7 4.Nc3 O-O 5.e4 d6 6.Be2 e5 7.O-O Nc6 8.d5 Ne7
9.Nd2 a5 10.a3 Nd7 11.Rb1 f5 12.b4 Kh8 13.Qc2 fxe4 14.Ndxe4 Nf5 15.Bg5 Nf6
16.Bd3 axb4 17.axb4 Nd4 18.Qd2 Bf5 19.Ng3 Ra3 20.Bxf5 gxf5 21.f4 Qd7 22.Rbe1 e4
23.h3 b5 24.Bxf6 Bxf6 25.Nh5 Bg7 26.Nxb5 Rd3 27.Qf2 Nxb5 28.Nxg7 Qxg7 29.cxb5 Rxh3
30.Re3 Rxe3 31.Qxe3 Rb8 32.Rc1 h6 33.Qa7 Rg8 34.Rc2 Qg3 35.Qf2 Qxf2+ 36.Kxf2 Rb8
37.Rxc7 Rxb5 38.Rd7 Rxd5 39.b5 Rxb5 40.Rxd6 Kg7 41.Kg3 Rb3+ 42.Kh4 Rb1 43.Kg3 Rf1
44.Ra6 h5 45.Rb6 Kf7 46.Rb5 Ke6 47.Re5+ Kf6 48.Re8 h4+ 49.Kxh4 Rxf4+ 50.Kh3 Rg4
51.g3 Rg7 52.Kg2 Ra7 53.Kf2 Ra2+ 54.Kf1 Kg5 55.Rg8+ Kh5 56.Ke1 Ra6 57.Kf2 Rg6
58.Rh8+ Kg4 59.Rh4+ Kg5 60.Rh8 Rg7 61.Rf8 Kg4 62.Rh8 e3+ 63.Kg2 Re7 64.Rh4+ Kg5
65.Kf1 e2+ 66.Ke1 Re3 67.Ra4 Rxg3 68.Kxe2 Rg4 69.Ra8 Rf4 70.Ke3 Rf1 71.Rg8+ Kh4
72.Rh8+  1/2-1/2

[Event "ch-CZE U20 2012"]
[Site "Kouty nad Desnou CZE"]
[Date "2012.03.12"]
[Round "4"]
[White "Balacek,T"]
[Black "Rabatin,J"]
[Result "1-0"]
[WhiteElo "2221"]
[BlackElo "2159"]

1.d4 Nf6 2.c4 g6 3.Nc3 Bg7 4.e4 d6 5.Nf3 O-O 6.Be2 e5 7.O-O Nc6 8.d5 Ne7
9.b4 a5 10.Ba3 Ne8 11.c5 f5 12.Nd2 f4 13.Bg4 Nf6 14.Bxc8 Nxc8 15.f3 axb4
16.Bxb4 g5 17.Nc4 Rf7 18.cxd6 cxd6 19.a4 Bf8 20.a5 h5 21.Rf2 g4 22.Rc2 Rg7
23.Kh1 gxf3 24.gxf3 h4 25.Qf1 Nh5 26.Qh3 Qf6 27.Rg2 Na7 28.Rxg7+ Nxg7 29.Nb6 Re8
30.Rg1 Be7 31.Qd7 Rf8 32.Qxb7 Rf7 33.Qxa7 h3 34.Qd7 Qh4 35.Qg4 Qf2 36.Qxh3 Qd4
37.Qc8+ Rf8 38.Qc4 Qxc4 39.Nxc4 Rc8 40.Nxe5  1-0

[Event "European Ind w 2012"]
[Site "Gaziantep TUR"]
[Date "2012.03.13"]
[Round "11"]
[White "Savina,A"]
[Black "Rakic,Ma"]
[Result "1/2-1/2"]
[WhiteElo "2325"]
[BlackElo "2270"]

1.d4 Nf6 2.c4 g6 3.Nc3 Bg7 4.e4 d6 5.Nf3 O-O 6.Be2 e5 7.O-O Nc6 8.d5 Ne7
9.b4 Nh5 10.Re1 Nf4 11.Bf1 a5 12.bxa5 c5 13.a4 Rxa5 14.Nd2 Ra6 15.Ra3 Bd7
16.Nb5 h6 17.g3 Nh5 18.Bg2 Nc8 19.Rf1 Nb6 20.Bb2 Qe7 21.f4 exf4 22.Bxg7 Nxg7
23.gxf4 Qf6 24.e5 dxe5 25.Ne4 Qh4 26.Nxc5 Raa8 27.fxe5 Bf5 28.Nd6 Nxc4 29.Nxc4 Qxc4
30.Qc1 Qd4+ 31.Qe3 Qxe3+ 32.Rxe3 b6 33.Ne4 Rxa4 34.Nf6+ Kh8 35.Rb3 b5 36.d6 Ne6
37.Rxf5 gxf5 38.Rxb5 Ra1+ 39.Kf2 Ra2+ 40.Kf1 Ra1+ 41.Kf2 Ra2+ 42.Kg1 Ra1+  1/2-1/2

[Event "ch-Moscow Final 2012"]
[Site "Moscow RUS"]
[Date "2012.03.14"]
[Round "5"]
[White "Gavrilov,Al1"]
[Black "Krylov,M RUS"]
[Result "1-0"]
[WhiteElo "2502"]
[BlackElo "2503"]

1.d4 Nf6 2.Nf3 g6 3.c4 Bg7 4.Nc3 O-O 5.e4 d6 6.Be2 e5 7.O-O Nc6 8.d5 Ne7
9.a4 a5 10.b3 Nd7 11.Ba3 Nc5 12.b4 axb4 13.Bxb4 f5 14.Nd2 Na6 15.Ba3 Kh8
16.Nb3 b6 17.a5 bxa5 18.Nxa5 c5 19.Nc6 Qd7 20.Bf3 Nc7 21.Nb5 Ne8 22.Qe2 Bb7
23.Nxe7 Qxe7 24.Bb2 Nf6 25.Rfe1 Ba6 26.Bc3 Bxb5 27.cxb5 Rxa1 28.Rxa1 Rb8
29.g3 Qd7 30.Ra5 Kg8 31.exf5 gxf5 32.Bg2 Qf7 33.Qa2 Rb7 34.Ra8+ Bf8 35.Qa6 Ne4
36.Bxe4 fxe4 37.Qxd6 e3 38.fxe3 Rxb5 39.Kg2 Rb1 40.Qe6 e4 41.Qg4+ Qg6 42.Qe6+ Qf7
43.Bf6 Rb7 44.Rxf8+ Kxf8 45.Qc8+  1-0

[Event "4th Coral Colon IM"]
[Site "Sabadell ESP"]
[Date "2012.03.16"]
[Round "6"]
[White "Cruz,F"]
[Black "Gonzalez,RO"]
[Result "1-0"]
[WhiteElo "2428"]
[BlackElo "2231"]

1.c4 Nf6 2.Nc3 g6 3.e4 d6 4.d4 Bg7 5.Be2 O-O 6.Nf3 Nc6 7.O-O e5 8.d5 Ne7
9.Ne1 Ne8 10.Nd3 f5 11.f3 Nf6 12.Bd2 f4 13.c5 g5 14.Rc1 Ng6 15.Qa4 h5 16.Qa5 b6
17.cxb6 cxb6 18.Qa3 Rf7 19.Nb4 g4 20.Nc6 Qf8 21.Nb5 Ne8 22.Bb4 Rf6 23.Ncxa7 Bd7
24.Nc7 Nxc7 25.Rxc7 Qd8 26.Rfc1 Nh4 27.Be1 Nxg2 28.Kxg2 Rg6 29.Kf1 g3 30.hxg3 fxg3
31.Ba6 Qh4 32.Ke2 Qh2+ 33.Kd3 Rf8 34.Kc4 Bh6 35.Ra1 Qc2+ 36.Bc3 Rxf3 37.Rxd7 g2
38.Rxd6 Qxe4+ 39.Kb3 g1=Q 40.Rxg1 Rxg1 41.Rd8+ Bf8 42.Rxf8+ Rxf8 43.Qe7 Rg4
44.Qe6+ Kh7 45.Bb5 Rf2 46.Nc6 Rxb2+ 47.Kxb2 Rg2+ 48.Ka3 Rxa2+ 49.Kxa2 Qc2+
50.Bb2  1-0

[Event "TCh-CAT 2012"]
[Site "Catalunya ESP"]
[Date "2012.03.17"]
[Round "8.5"]
[White "Gonzalez Perez,A"]
[Black "Trepat Herranz,J"]
[Result "1-0"]
[WhiteElo "2464"]
[BlackElo "2325"]

1.d4 Nf6 2.c4 g6 3.Nc3 Bg7 4.e4 d6 5.Nf3 O-O 6.Be2 e5 7.O-O Nc6 8.d5 Ne7
9.b4 Nh5 10.c5 Nf4 11.Bc4 Bg4 12.h3 Bh5 13.Re1 f5 14.Bxf4 exf4 15.e5 Bxf3
16.Qxf3 Bxe5 17.Rxe5 dxe5 18.d6+ Kh8 19.dxe7 Qxe7 20.Re1 c6 21.Qxf4 Rfe8
22.Qe3 Rad8 23.Ne2 Kg7 24.Nc1 Qh4 25.Qc3 Qd4 26.Qc2 Qd2 27.Re2 Qxc2 28.Rxc2 Rd1+
29.Kh2 Red8 30.Nb3 Rb1 31.Kg3 Kf6 32.f3 g5 33.b5 cxb5 34.Bxb5 e4 35.fxe4 fxe4
36.Rf2+ Ke5 37.Rf7 a6 38.Bc4 h5 39.Rxb7 h4+ 40.Kg4 Rb2 41.Re7+ Kf6 42.Re6+ Kg7
43.Kxg5 Rxg2+ 44.Kf4 Rxa2 45.Nd4 Rf2+ 46.Ke5 Rdf8 47.Rxa6 Re8+ 48.Ne6+ Kg6
49.Kxe4 Kf6 50.Kd4 Ke7 51.Nc7 Rf4+ 52.Kc3 Rf3+ 53.Kd4 Rf4+ 54.Kd3 Rd8+ 55.Nd5+ Kf8
56.c6 Rf3+ 57.Kd4 Rxh3 58.c7 Rc8 59.Rd6  1-0

[Event "TCh-CZE Liga 1 Zapad"]
[Site "Czech Rep CZE"]
[Date "2012.03.18"]
[Round "10.2"]
[White "Spirin,O"]
[Black "Vedral,O"]
[Result "1/2-1/2"]
[WhiteElo "2493"]
[BlackElo "2296"]

1.c4 Nf6 2.Nc3 g6 3.Nf3 Bg7 4.e4 O-O 5.d4 d6 6.Be2 e5 7.O-O Nc6 8.d5 Ne7
9.b4 Nh5 10.Re1 f5 11.Ng5 Nf4 12.Bxf4 exf4 13.Rc1 Bf6 14.Ne6 Bxe6 15.dxe6 Bxc3
16.Rxc3 fxe4 17.Bf1 e3 18.fxe3 fxe3 19.Rcxe3 a5 20.b5 c6 21.bxc6 bxc6 22.Rb3 Rb8
23.Be2 Qc7 24.Rf1 Rxb3 25.Rxf8+ Kxf8 26.Qf1+ Nf5 27.axb3 Ke8 28.Kh1 Qe7 29.Bf3 Nd4
30.Qa1 Nxf3 31.gxf3 Qf8 32.Kg2 Qf5 33.Qh8+ Ke7 34.Qxh7+ Kxe6 35.Qg8+ Kd7
36.Qg7+ Kc8 37.Qh8+ Kb7 38.Qg7+ Kc8 39.Qc3 Qg5+ 40.Kf1 Qf5  1/2-1/2

[Event "13th EICC"]
[Site "Plovdiv BUL"]
[Date "2012.03.21"]
[Round "2.110"]
[White "Dobre,ClC"]
[Black "Markowski,T"]
[Result "1-0"]
[WhiteElo "2334"]
[BlackElo "2612"]

1.d4 Nf6 2.Nf3 g6 3.c4 Bg7 4.Nc3 d6 5.e4 O-O 6.Be2 e5 7.O-O Nc6 8.d5 Ne7
9.Ne1 Ne8 10.f3 f5 11.g4 h6 12.h4 Nf6 13.Ng2 c6 14.a4 cxd5 15.cxd5 Bd7 16.Be3 a6
17.a5 Rc8 18.Bb6 Qe8 19.Ne3 Qf7 20.Rc1 Rce8 21.Nc4 Nc8 22.Bf2 fxg4 23.fxg4 h5
24.g5 Ng4 25.Bg3 Qe7 26.Qd2 Na7 27.Ne3 Qd8 28.Nxg4 Bxg4 29.Bxg4 hxg4 30.Qe3 Nc8
31.b4 Qc7 32.Qd3 Qd7 33.Rxf8+ Rxf8 34.Rf1 Na7 35.Rxf8+ Bxf8 36.Bf2 Nb5 37.Nxb5 axb5
38.Qe2 Qc8 39.Kg2 Qc3 40.Qxg4 Qxb4 41.h5 gxh5 42.Qe6+ Kg7 43.Qf6+ Kg8 44.Qg6+ Bg7
45.Qe6+ Kf8 46.Qc8+ Kf7 47.Qe6+ Kf8 48.Qf5+ Kg8 49.g6  1-0

[Event "13th EICC"]
[Site "Plovdiv BUL"]
[Date "2012.03.22"]
[Round "3.109"]
[White "Cherednichenko,S"]
[Black "Djukic,Ni"]
[Result "1/2-1/2"]
[WhiteElo "2279"]
[BlackElo "2513"]

1.d4 Nf6 2.Nf3 g6 3.c4 Bg7 4.Nc3 O-O 5.e4 d6 6.Be2 e5 7.O-O Nc6 8.d5 Ne7
9.Ne1 Nd7 10.Nd3 f5 11.Bd2 Kh8 12.f3 f4 13.g4 Bf6 14.Be1 Ng8 15.Bf2 h5 16.h3 Bh4
17.Qe1 Bxf2+ 18.Qxf2 Rf7 19.Kg2 Rh7 20.Rh1 g5 21.b4 Nf8 22.Rag1 a5 23.b5 b6
24.Kf1 Ng6 25.Ke1 Bd7 26.Kd2 Nf6 27.Kc2 Qe7 28.Ne1 Kg7 29.Qf1 Rah8 30.Nd1 Kf7
31.Nf2 Qd8 32.Kb2 Rh6 33.Ned3 R8h7 34.Kc2 Qh8 35.Qd1 Nf8 36.Qf1 Be8 37.Qd1 N8d7
38.Qa1 Kf8 39.Qe1 Bg6 40.Kb2 Kf7 41.Qf1 hxg4 42.hxg4 Rxh1 43.Rxh1 Rxh1 44.Qxh1 Qxh1
45.Nxh1 Bxe4 46.fxe4 Nxe4 47.Ndf2 Nec5 48.Nh3 Kf6 49.N1f2 e4 50.Kc3 f3 51.Bd1 e3
52.Bxf3 exf2 53.Nxf2 Ke5 54.Nh3 Kf6 55.Kd4 Ne5 56.Be2 Ng6 57.Ke3 Na4 58.Bd1 Nc3
59.Bb3 a4 60.Bc2 Ne5 61.Nf2 Nxa2 62.Ne4+ Ke7 63.Bxa4 Nxc4+ 64.Kd4 Ne5 65.Nxg5 Nxg4
66.Ne6 Kd7 67.Nf8+ Kc8 68.Ng6 Ne5 69.Nf4 Nd7 70.Bb3 Nc1 71.Bc2 Nc5 72.Kc3 Na2+
73.Kb2 Nb4 74.Bf5+ Kb7 75.Ka3 Nxd5 76.Nxd5 c6 77.Ne7 cxb5 78.Kb4 Na6+ 79.Kxb5 Nc7+
80.Kc4 b5+ 81.Kb4 Kb6 82.Nc8+ Kc6 83.Ne7+ Kb6 84.Nc8+ Kc6 85.Ne7+  1/2-1/2

[Event "13th EICC"]
[Site "Plovdiv BUL"]
[Date "2012.03.22"]
[Round "3.8"]
[White "Korobov,A"]
[Black "Nyzhnyk,I"]
[Result "1/2-1/2"]
[WhiteElo "2679"]
[BlackElo "2585"]

1.d4 Nf6 2.c4 g6 3.Nc3 Bg7 4.e4 d6 5.Nf3 O-O 6.Be2 e5 7.O-O Nc6 8.d5 Ne7
9.b4 c6 10.Ba3 cxd5 11.cxd5 Bg4 12.h3 Bxf3 13.Bxf3 Nd7 14.Bc1 f5 15.Bd2 Nf6
16.Rc1 Qd7 17.Qe2 Rac8 18.Qd3 Rc7 19.Rc2 Rfc8 20.Rfc1 Rc4 21.a3 a6 22.Be3 b5
23.Qd1 fxe4 24.Nxe4 Nxe4 25.Rxc4 Rxc4 26.Rxc4 Nxf2 27.Bxf2 bxc4 28.g4 Qb5
29.Qc2 Nc8 30.h4 Kh8 31.Be2 Nb6 32.h5 Nxd5 33.Bxc4 Qc6 34.Qe4 Nxb4 35.Qxc6 Nxc6
36.Bxa6 gxh5 37.gxh5 Bh6 38.a4 Nd4 39.Bc4 Bd2 40.h6 Nf5 41.Be6 Nxh6 42.Kf1 Ba5
43.Be1 Bc7 44.a5 Bxa5 45.Bxa5 Kg7 46.Ke2 Kf6 47.Bd5 Nf7 48.Kf3 Ng5+ 49.Kg4 Ne6
50.Ba2 h5+ 51.Kxh5 Kf5 52.Kh4 Nf4 53.Kg3 d5 54.Kf3 d4 55.Bb1+ d3 56.Ke3 e4
57.Ba2 Ng2+ 58.Kd4 Kf4 59.Bd5 d2 60.Bxd2+ e3 61.Ba5 e2 62.Bxg2 Kg3  1/2-1/2

[Event "13th EICC"]
[Site "Plovdiv BUL"]
[Date "2012.03.23"]
[Round "4.97"]
[White "Neubauer,M"]
[Black "Jankovic,A"]
[Result "0-1"]
[WhiteElo "2413"]
[BlackElo "2553"]

1.d4 Nf6 2.c4 g6 3.Nc3 Bg7 4.e4 d6 5.Be2 O-O 6.Nf3 e5 7.O-O Nc6 8.d5 Ne7
9.Ne1 Nd7 10.Nd3 f5 11.Bd2 Kh8 12.f3 f4 13.Rc1 g5 14.b4 Nf6 15.c5 Ng6 16.Nf2 Rf7
17.Qc2 Bf8 18.cxd6 Bxd6 19.Na4 b6 20.Qb3 h5 21.h3 Rg7 22.Nb2 Nh4 23.Nc4 g4
24.Nxd6 gxh3 25.Nxc8 Rxg2+ 26.Kh1 Qg8 27.Ng4 Rxe2 28.d6 Qxb3 29.axb3 hxg4
30.Bc3 g3  0-1

[Event "13th EICC"]
[Site "Plovdiv BUL"]
[Date "2012.03.23"]
[Round "4.103"]
[White "Guliyev,N"]
[Black "Cherednichenko,S"]
[Result "1-0"]
[WhiteElo "2532"]
[BlackElo "2279"]

1.e4 d6 2.d4 g6 3.c4 Nf6 4.Nc3 Bg7 5.Nf3 O-O 6.Be2 e5 7.O-O Nc6 8.d5 Ne7
9.b4 a5 10.bxa5 Rxa5 11.a4 Nd7 12.Ba3 f5 13.Bb4 Ra8 14.Nd2 Nc5 15.Bxc5 dxc5
16.Nb3 b6 17.a5 fxe4 18.Nxe4 Nf5 19.Bg4 Qh4 20.d6 Nxd6 21.Qd5+ Kh8 22.Nxd6 Bxg4
23.Nf7+ Rxf7 24.Qxa8+ Rf8 25.Qe4 Qg5 26.a6 Bf3 27.Qxf3 Rxf3 28.a7 e4 29.a8=Q+ Bf8
30.Rad1 Kg7 31.Nd2 Rf4 32.Nxe4 Qf5 33.f3 Rh4 34.Qc6 Qf4 35.Rd7+ Kg8 36.Qxc7 Qe3+
37.Kh1  1-0

[Event "Belgrade Spring Open 2012"]
[Site "Belgrade SRB"]
[Date "2012.03.25"]
[Round "2.7"]
[White "Dzunic,V"]
[Black "Cetkovic,Mi"]
[Result "0-1"]
[WhiteElo "2076"]
[BlackElo "2230"]

1.d4 Nf6 2.c4 g6 3.Nc3 Bg7 4.e4 d6 5.Nf3 O-O 6.Be2 e5 7.O-O Nc6 8.d5 Ne7
9.b4 a5 10.Ba3 Ne8 11.bxa5 Rxa5 12.Bb4 Ra8 13.a4 h6 14.c5 f5 15.Nd2 Rf7 16.cxd6 Nxd6
17.Bxd6 cxd6 18.Nc4 Bf8 19.Nb5 Rf6 20.a5 fxe4 21.Nb6 Rxa5 22.Rxa5 Qxb6 23.Ra8 Bf5
24.Qc1 Kh7 25.Qc7 Qxc7 26.Nxc7 h5 27.Ne8 Rf7 28.Nxd6 Rf6 29.Ne8 Rb6 30.d6 Nc6
31.d7 Be7 32.Rd1 Nd4 33.d8=Q Bxd8 34.Rxd8 Nxe2+ 35.Kf1 Nd4 36.h3 Rc6 37.Rb8 b5
38.Ra1 h4 39.Kg1 Kh6 40.Ra2 Bxh3 41.Ra7 Bg4 42.Rc7 Ra6 43.Rf7 Kg5 44.Nc7 Ra1+
45.Kh2 h3 46.Re8 hxg2 47.Rxe5+ Nf5 48.Ne6+ Kh6  0-1

[Event "TCh-HUN 2011-12"]
[Site "Zalaegerszeg HUN"]
[Date "2012.03.25"]
[Round "8"]
[White "Csiszar,C"]
[Black "Szalai,K"]
[Result "0-1"]
[WhiteElo "2394"]
[BlackElo "2390"]

1.d4 Nf6 2.Nf3 g6 3.c4 Bg7 4.Nc3 d6 5.e4 O-O 6.Be2 e5 7.O-O Nc6 8.d5 Ne7
9.Ne1 Nd7 10.Be3 f5 11.f3 f4 12.Bf2 g5 13.Rc1 Rf7 14.Nd3 Bf8 15.c5 a6 16.Qb3 Ng6
17.c6 bxc6 18.dxc6 Nf6 19.Nb4 Rb8 20.Ba7 Ra8 21.Nbd5 Ne8 22.Bc4 Kh8 23.Nb6 cxb6
24.Bxf7 Rxa7 25.Bxe8 Qxe8 26.Qxb6 Rg7 27.Qb8 Ne7 28.c7 g4 29.fxg4 Rxg4 30.Rf2 Rg8
31.Rd1 Nc6 32.Nd5 Be7 33.Rc1 Bh4 34.Qb6 Ne7 35.Qxd6 Bxf2+ 36.Kxf2 Nxd5 37.Qxd5 Qh5
38.Rc5 Qh4+ 39.Kf1 Re8 40.Rc3 Qxh2 41.Qd8 Qh5 42.Rd3 Qf7 43.Qxe8+ Qxe8 44.Rd8 Qg8  0-1

[Event "Belgrade Spring Open 2012"]
[Site "Belgrade SRB"]
[Date "2012.03.27"]
[Round "4.7"]
[White "Dimitrijevic,Sr"]
[Black "Jandric,D"]
[Result "1-0"]
[WhiteElo "2306"]
[BlackElo "2011"]

1.d4 Nf6 2.Nf3 g6 3.c4 Bg7 4.Nc3 O-O 5.e4 d6 6.Be2 e5 7.O-O Nc6 8.d5 Ne7
9.Ne1 Nd7 10.Nd3 f5 11.f3 Kh8 12.Be3 f4 13.Bf2 Nf6 14.c5 h5 15.Rc1 g5 16.cxd6 cxd6
17.Nb5 Ne8 18.Nxa7 Bd7 19.Qb3 Qb8 20.Nb5 g4 21.Kh1 Ng6 22.Qc4 Qd8 23.Qb4 Bc8
24.Na7 Bd7 25.Qxb7 g3 26.hxg3 fxg3 27.Bxg3  1-0

[Event "13th EICC"]
[Site "Plovdiv BUL"]
[Date "2012.03.27"]
[Round "7.167"]
[White "Balokas,D2"]
[Black "Meyes,Richard"]
[Result "1/2-1/2"]
[WhiteElo "2080"]
[BlackElo "1786"]

1.d4 Nf6 2.c4 g6 3.Nc3 Bg7 4.Nf3 O-O 5.e4 d6 6.Be2 e5 7.O-O Nc6 8.d5 Ne7
9.Ne1 Nd7 10.Be3 f5 11.f3 f4 12.Bf2 g5 13.Rc1 Rf6 14.Nd3 Rh6 15.c5 Qe8 16.cxd6 Qh5
17.h4 Ng6 18.Qe1 gxh4 19.Nb5 Qg5 20.Kh2 Ngf8 21.Nxc7 Rg6 22.Rg1 Rb8 23.Nc5 Nxc5
24.Rxc5 Rxd6 25.Nb5 Ra6 26.a3 Bd7 27.Rc7 Qd8 28.Qc3 Qg5 29.Rxd7 Nxd7 30.Nc7 Qg3+
31.Bxg3 hxg3+ 32.Kh3 Rh6+ 33.Kg4 Rg6+ 34.Kh4 Rh6+ 35.Kg4 Rg6+ 36.Kh4 Rh6+
37.Kg4 Rg6+ 38.Kh4  1/2-1/2

[Event "13th EICC"]
[Site "Plovdiv BUL"]
[Date "2012.03.27"]
[Round "7.22"]
[White "Berkes,F"]
[Black "Nyzhnyk,I"]
[Result "1-0"]
[WhiteElo "2682"]
[BlackElo "2585"]

1.d4 Nf6 2.c4 g6 3.Nc3 Bg7 4.e4 d6 5.Nf3 O-O 6.Be2 e5 7.O-O Nc6 8.d5 Ne7
9.b4 c6 10.a4 a5 11.bxa5 Qxa5 12.Ra3 c5 13.Bd2 Ra6 14.Qc1 Nd7 15.h4 Nf6 16.g3 Qd8
17.Kg2 Ng4 18.Ng5 h6 19.Ne6 Bxe6 20.dxe6 h5 21.exf7+ Rxf7 22.Bxg4 hxg4 23.Bg5 Qd7
24.Bxe7 Qxe7 25.Nd5 Qe6 26.Qg5 Ra8 27.Ne3 Rf3 28.Rfa1 Raf8 29.Nxg4 Qf7 30.R1a2 Kh7
31.Qc1 Rxa3 32.Rxa3 Qe6 33.f3 Ra8 34.Qc2 Bh6 35.Rb3 Qf7 36.Rb6  1-0

[Event "European Senior Teams 2012"]
[Site "Rogaska Slatina SLO"]
[Date "2012.03.27"]
[Round "1.23"]
[White "Biller,H"]
[Black "Lahti,J"]
[Result "0-1"]
[WhiteElo "2103"]
[BlackElo "2016"]

1.d4 Nf6 2.Nf3 g6 3.c4 Bg7 4.Nc3 d6 5.e4 O-O 6.Be2 e5 7.O-O Nc6 8.Be3 Ng4
9.Bg5 f6 10.Bh4 Nh6 11.d5 Ne7 12.Nd2 g5 13.Bg3 Ng6 14.b4 Nf4 15.c5 f5 16.f3 g4
17.fxg4 Nxe2+ 18.Qxe2 f4 19.Bf2 Bxg4 20.Nf3 Nf7 21.Kh1 Qf6 22.Nb5 Qg6 23.Nxc7 Ng5
24.Rae1 Qh5 25.Bg1 Rac8 26.Nb5 Nxf3 27.gxf3 Bh3 28.Nxd6 Rc7 29.Rf2 Bf6 30.Nf5 Kh8
31.Rd1 Rg8 32.d6 Rd7 33.b5 Bh4 34.Nxh4 Qxh4 35.c6 Rdg7 36.d7 Qg5 37.Qf1 Bxf1
38.Rdxf1  0-1

[Event "13th EICC"]
[Site "Plovdiv BUL"]
[Date "2012.03.28"]
[Round "8.64"]
[White "Khmelniker,I"]
[Black "Vajda,Le"]
[Result "0-1"]
[WhiteElo "2523"]
[BlackElo "2597"]

1.d4 Nf6 2.Nf3 g6 3.c4 Bg7 4.Nc3 O-O 5.e4 d6 6.Be2 e5 7.O-O Nc6 8.d5 Ne7
9.Ne1 Ne8 10.f3 f5 11.g4 Nf6 12.Nd3 c6 13.a4 Kh8 14.Kh1 cxd5 15.cxd5 Bd7
16.Nf2 a6 17.a5 Qe8 18.Bd2 Rb8 19.Qb3 fxg4 20.fxg4 g5 21.Qb6 Rd8 22.Bxg5 Bc8
23.Qe3 Qg6 24.Bh4 Bd7 25.h3 Rc8 26.Bd3 Nfg8 27.Ne2 Bh6 28.Qg3 Bg5 29.Bxg5 Qxg5
30.h4 Qg6 31.Rg1 Nf6 32.Rg2 Rg8 33.Rag1 Rcf8 34.Qe3 Qg7 35.h5 Qg5 36.Qxg5 Rxg5
37.Nc3 Nxh5 38.Nh3 Rgg8 39.gxh5 Bxh3 40.Rxg8+ Nxg8 41.Kh2 Bd7 42.Kg3 Rf4
43.Rh1 Nf6 44.h6 Kg8 45.Be2 Kf7 46.Bf3 Bg4 47.Bxg4 Rxg4+ 48.Kf3 Rf4+ 49.Ke3 Ng4+
50.Kd2 Kg6 51.Rb1 Kxh6 52.b4 Rf7 53.Kd3 Kg6 54.Rg1 Rf3+ 55.Kd2 Rf4 56.Kd3 h5  0-1

[Event "13th EICC"]
[Site "Plovdiv BUL"]
[Date "2012.03.28"]
[Round "8.114"]
[White "Drenchev,P"]
[Black "Nenezic,M"]
[Result "1-0"]
[WhiteElo "2499"]
[BlackElo "2370"]

1.d4 Nf6 2.c4 g6 3.Nc3 Bg7 4.e4 d6 5.Be2 O-O 6.Nf3 e5 7.O-O Nc6 8.d5 Ne7
9.Ne1 Nd7 10.Nd3 f5 11.f3 f4 12.Bd2 g5 13.Rc1 Ng6 14.c5 Nf6 15.Nb5 Rf7 16.Ba5 b6
17.cxd6 cxd6 18.Bb4 Bf8 19.Rc6 Ne8 20.a4 a6 21.Na3 Bd7 22.Rc1 h5 23.Nc4 a5
24.Ba3 Rg7 25.Nf2 Nh8 26.Rc3 Nf7 27.g4 Nh8 28.Qb3 Rb8 29.Nd2 Ng6 30.Bb5 Nf6
31.h3 Rh7 32.Rfc1 Rg7 33.Rc7 Nh4 34.Rxd7 Rxd7 35.Bxd7 Qxd7 36.Rc6 Qd8 37.Kf1 hxg4
38.hxg4 Nd7 39.Nc4 Nc5 40.Bxc5 bxc5 41.Rb6 Ra8 42.Rb7 Qe8 43.Ke2 Qg6 44.Qb5 Qh6
45.Qd7 Kh8 46.Nb6 Ra6 47.Qf7  1-0

[Event "European Senior Teams 2012"]
[Site "Rogaska Slatina SLO"]
[Date "2012.03.28"]
[Round "2.16"]
[White "Ohrn,S"]
[Black "Hallerod,R"]
[Result "0-1"]
[WhiteElo "1997"]
[BlackElo "2102"]

1.d4 Nf6 2.c4 g6 3.Nc3 Bg7 4.e4 d6 5.Nf3 O-O 6.Be2 e5 7.O-O Nc6 8.d5 Ne7
9.Ne1 Nd7 10.Nd3 f5 11.Bd2 f4 12.Rc1 g5 13.b4 Ng6 14.c5 Nf6 15.f3 Rf7 16.cxd6 cxd6
17.Nf2 h5 18.h3 Bf8 19.Nb5 Qb6 20.a4 Rh7 21.Qc2 Ne8 22.Qxc8 Rxc8 23.Rxc8 Nc7
24.a5 Qa6 25.Nc3 b5 26.Rb8 Re7 27.Nxb5 Re8 28.Nc3 Rxb8 29.Bxa6 Nxa6 30.b5 Nc5
31.Rb1 Be7 32.Kf1 Bd8 33.Ncd1 Nf8 34.Ke2 Nb7 35.Ra1 Nc5 36.Rb1 Nb7 37.a6 Nc5
38.Nd3 Nxa6 39.Ra1 Nc7 40.Rxa7 Nxb5 41.Ra6 Rc8 42.Ra2 Bb6 43.Rb2 Nd4+ 44.Kf1 Nd7
45.Nc3 Ba5 46.Nd1 Bxd2 47.Rxd2 Nc2 48.Ne1 Nxe1 49.Kxe1 Kf7 50.Ra2 Ke7 51.Rb2 Nc5
52.Ra2 g4 53.hxg4 hxg4 54.Nf2 g3 55.Nh3 Rb8 56.Rd2 Rb3 57.Ng1 Nd3+ 58.Ke2 Nf2  0-1

[Event "13th EICC"]
[Site "Plovdiv BUL"]
[Date "2012.03.29"]
[Round "9.113"]
[White "Novkovic,Mi"]
[Black "Arnaudov,G"]
[Result "1/2-1/2"]
[WhiteElo "2381"]
[BlackElo "2476"]

1.d4 Nf6 2.c4 g6 3.Nc3 Bg7 4.e4 d6 5.Nf3 O-O 6.Be2 e5 7.O-O Nc6 8.d5 Ne7
9.Ne1 Nd7 10.Nd3 f5 11.exf5 gxf5 12.f4 Ng6 13.Be3 c5 14.dxc6 bxc6 15.Qd2 a5
16.Rad1 Qe7 17.Rfe1 Ba6 18.Bf1 Bxc4 19.Nxe5 Ndxe5 20.fxe5 Nxe5 21.Qxd6 Qxd6
22.Rxd6 Bxf1 23.Kxf1 Rfe8 24.Bf4 Ng6 25.Bd2 Ne5 26.Bf4 Rab8 27.b3 Rbc8 28.Na4 Rc7
29.g3 Ree7 30.Rc1 Rcd7 31.Bxe5 Bxe5 32.Rxd7 Rxd7 33.Rc5 Bg7 34.Rxf5 Rd1+
35.Kg2 Bd4 36.Rxa5 Rd2+ 37.Kf3 Rxa2 38.Ra6 c5 39.Rc6 Ra3 40.Nxc5 Bxc5 41.Rxc5 Rxb3+
42.Kg4 Kg7 43.h4 Ra3 44.Kf4 Ra6 45.g4 h6 46.Rc7+ Kf6 47.h5 Ra4+ 48.Kg3 Ra6
49.Rh7 Ke5 50.Rf7 Rf6 51.Rg7 Ra6 52.Kh4 Rb6 53.Rg6 Rxg6 54.hxg6 Kf6 55.Kh5 Kg7
56.g5 hxg5 57.Kxg5 Kg8  1/2-1/2

[Event "ch-SRB Women 2012"]
[Site "Kac SRB"]
[Date "2012.03.30"]
[Round "9"]
[White "Nonkovic,B"]
[Black "Tomin,Ks"]
[Result "1-0"]
[WhiteElo "1900"]
[BlackElo "1876"]

1.d4 Nf6 2.c4 g6 3.Nf3 Bg7 4.Nc3 d6 5.e4 O-O 6.Be2 e5 7.O-O Nc6 8.dxe5 dxe5
9.Bg5 Be6 10.Qxd8 Raxd8 11.Nd5 Bxd5 12.cxd5 Nb8 13.Nd2 c6 14.dxc6 Nxc6 15.f3 Nd4
16.Bd1 Rc8 17.Nb3 Nc2 18.Bxc2 Rxc2 19.Rf2 Rfc8 20.Rd1 h6 21.Be3 Rxf2 22.Kxf2 Rc2+
23.Rd2 Rxd2+ 24.Nxd2 b6 25.Nc4 Nd7 26.Nd6 a6 27.Nc8 b5 28.Ne7+ Kh7 29.Nd5 Bf8
30.Nc7 Nb8 31.Ke2 Bd6 32.Nd5 Nd7 33.Kd3 f5 34.b3 Kg7 35.a4 Bc5 36.Bd2 Bg1
37.axb5 axb5 38.b4 Bxh2 39.Nc7 f4 40.Nxb5 Bg1 41.Nc7 Nb6 42.Nd5 Kf7 43.Nxb6 Bxb6
44.Kc4 Ke6 45.Kb5 Bc7 46.Kc6 Bd6 47.b5 g5 48.b6 h5 49.Be1 g4 50.Bh4 Bb8 51.Kb7 Bd6
52.Kc8 Bc5 53.b7 Ba7 54.Bf2  1-0

[Event "13th EICC"]
[Site "Plovdiv BUL"]
[Date "2012.03.30"]
[Round "10.57"]
[White "Buhmann,R"]
[Black "Pridorozhni,A"]
[Result "0-1"]
[WhiteElo "2614"]
[BlackElo "2524"]

1.Nf3 Nf6 2.c4 g6 3.Nc3 Bg7 4.e4 d6 5.d4 O-O 6.Be2 e5 7.O-O Nc6 8.d5 Ne7
9.b4 c6 10.Bb2 cxd5 11.exd5 a6 12.a4 Nf5 13.Nd2 e4 14.Nb3 e3 15.f4 h5 16.Qc2 Re8
17.a5 Bd7 18.Rad1 Rc8 19.c5 Ng4 20.Bxg4 hxg4 21.Ne2 Bxb2 22.Qxb2 Ba4 23.Rc1 Bxb3
24.Qxb3 dxc5 25.bxc5 Qxa5 26.Qc3 Qa2 27.Qd3 Red8 28.Rfd1 Rd7 29.Rc2 Qa5 30.Rdc1 b6
31.Ng3 Nxg3 32.hxg3 bxc5 33.Qxe3 Rxd5 34.Qe2 Qb6 35.Rc4 a5 36.Qxg4 Rcd8 37.Qe2 Rd2
38.Qe5 R8d5 39.Qe4 a4 40.Qe8+ Kg7 41.Qxa4 Qb2 42.R4c2 Rd1+ 43.Rxd1 Rxd1+
44.Kf2 Rd2+ 45.Rxd2 Qxd2+ 46.Kf3 Qd3+ 47.Kf2 c4 48.Qe8 Qd4+ 49.Qe3 Qb2+ 50.Kf3 Qb7+
51.Kf2 Qc8 52.Qc3+ Kg8 53.g4 Qc5+ 54.Kg3 Kf8 55.Kf3 Qd5+ 56.Ke3 Qe6+ 57.Kf3 Ke7
58.Kf2 Kd6 59.Qb4+ Kd5 60.Qd2+ Kc6 61.Qd4 Qd5 62.Qc3 Qc5+ 63.Ke2 Qd5 64.Ke3 Qc5+
65.Ke2 Qe7+ 66.Kf3 Qe6 67.g5 Qd5+ 68.Ke3 Qc5+ 69.Ke2 Qe7+ 70.Kf3 Kb5 71.g4 Qb4
72.Qe5+ Ka4 73.Qe8+ Ka3 74.Kf2 c3 75.Qc6 Kb2 76.Qf6 Kb1 77.Kf3 c2  0-1